THE INBREEDING ANALYSE IN BREEDING SERVICE USED BULLS OF SLOVAK SPOTTED BREED OF CATTLE IN SLOVAKIA

Bibliographic Details
Main Authors: Rybanská, M. (Author), Bujko, Jozef, 1974- (Author)
Format: Article
Language:English
ISBN:807137959X

MARC

LEADER 00000naa a2200000uu 4500
001 vtls011083952
003 SK-MaSNL
005 20260302132145.0
008 210909|2002 xo |||||||||||||||||eng|
015 |a SNBRA 
035 |a (urnnbn)urn:nbn:sk:snk:ar-a0ckty 
035 |a (uuid)dc0daf79-14ef-441f-841d-580ee09c4197 
035 |a urn:nbn:sk:snk-aavqr5 
040 |a SNKBUCL  |b slo  |c SNKBUCL  |e AACR2 
041 0 |a eng 
044 |a xo  |c SK 
100 1 |a Rybanská, M.  |4 aut  |9 816822 
245 1 0 |a THE INBREEDING ANALYSE IN BREEDING SERVICE USED BULLS OF SLOVAK SPOTTED BREED OF CATTLE IN SLOVAKIA  |c M. RYBANSKÁ, J. BUJKO 
700 1 |a Bujko, Jozef,  |d 1974-  |4 aut  |9 189182 
773 0 |t Sustainable Development of Agriculture, Preservation of Landscape and Biodiversity  |d V Nitre : Slovenská poľnohospodárska univerzita, 2002, 2002  |g S. 178-180  |z 807137959X 
958 |a OND 
958 |a article12 
958 |a chapter 
999 |c 1312231  |d 1314161